Normal view MARC view
  • Urrusti, Rogelio

Entry Nombre Personal

Number of records used in: 1

001 - NUMERO DE CONTROL

  • campo de control: 48889

003 - IDENTIFICADOR DE NUMERO DE CONTROL

  • campo de control: DLC

005 - FECHA Y HORA DE LA ÜLTIMA TRANSACCIÓN

  • campo de control: 20230512120952.0

008 - DATOS DE LONGITUD FIJA

  • campo de control de longitud fija: 160406n| azannaabn |n aaa c

010 ## - NÚMERO DE CONTROL DE LA BIBLIOTECA DEL CONGRESO

  • Número de control LC: no2016046766

035 ## - NUMERO DE CONTROL

  • Número de control: (OCoLC)oca10439307

040 ## - FUENTE DE CATALOGACIÓN

  • Agencia original de catalogación: TxU
  • Lenguaje de catalogación: spa
  • Description conventions: rda
  • Agencia de transcripción: TxU
  • Agencia que lo modifica: MX-MxUPN

100 1# - ENCABEZAMIENTO - NOMBRE PERSONAL

  • Nombre personal: Urrusti, Rogelio

374 ## - OCUPACIÓN

  • Occupation: Ilustrador
  • Fuente del término: lcsh

375 ## - GÉNERO

  • Gender: masculino

670 ## - FUENTE EN LA QUE SE LOCALIZARON DATOS

  • Cita de la fuente: Hernández Gerónimo, Auldárico. K'elen k'ay, 2010:
  • Información localizada: reverso de la portada (ilustración Rogelio Urrusti)

902 ## - CATALOGADOR

  • Catalogador: NDAF/120523